| 000 | 01258nam a22003137a 4500 | ||
|---|---|---|---|
| 999 |
_c21513 _d21513 |
||
| 003 | AR-CdUCM | ||
| 008 | 190220b ||||| |||| 00| 0 spa d | ||
| 020 | _a9789972663994 | ||
| 040 |
_aMUNICIPALIDAD PROVINCIAL DEL CUSCO _cBIBLIOTECA MUNICIPAL DEL CUSCO |
||
| 082 |
_a338.926/S71 _bS71 |
||
| 100 |
_aSagasti, Francisco R _923169 |
||
| 245 |
_aUn desafío persistente : _bpolíticas de ciencia, tecnología e innovación en el Perú del Siglo XXI / _cFrancisco Sagasti y Lucía Málaga |
||
| 260 |
_aLima : _bFondo de Cultura Económica (FCE), _bPontificia Universidad Católica del Perú, _c2017. |
||
| 300 |
_a302 páginas. : _bdiagrs. (algunas col.) ; _c23 cm. |
||
| 500 | _zBibliografía: p. 249-268 | ||
| 650 |
_aCiencia y tecnología _98461 |
||
| 650 |
_aAspectos sociales _9262 |
||
| 650 |
_aCiencia y Estado _945168 |
||
| 650 |
_aTecnología y Estado _945169 |
||
| 650 |
_aInvestigación industrial _945170 |
||
| 650 |
_aDesarrollo científico y tecnológico _910106 |
||
| 650 |
_aAspectos sociales _9262 |
||
| 650 |
_aPerú _945171 |
||
| 700 |
_aMálaga Sabogal, Lucía _945172 |
||
| 710 |
_aFondo de Cultura Económica (Perú) _945173 |
||
| 710 |
_aPontificia Universidad Católica del Perú _9400 |
||
| 942 |
_2ddc _cLIBROS |
||
| 945 | _aRoel | ||